| 000 | 00363 a2200157 4500 | ||
|---|---|---|---|
| 001 | 60281 | ||
| 020 | _a9788502094871 | ||
| 040 | _cAnchieta - Pituba | ||
| 100 | _aAzevedo, Álvares de | ||
| 240 | 1 | 0 |
_aMacário e noite na taverna _lpor |
| 245 | 1 | 0 | _aMacário e noite na taverna |
| 300 | _a192 | ||
| 362 | 0 | _a2010 | |
| 650 | 4 | _aFicção brasileira | |
| 942 | _cBK | ||
| 999 |
_c60281 _d60281 |
||